| Tag |
First Indicator |
Second Indicator |
Subfields |
| LEADER |
00000cam a22000004a 4500 |
| 001 |
in00002063321 |
| 005 |
20151102050529.0 |
| 008 |
041123s2005 ncua b 001 0 eng |
| 010 |
|
|
|a 2004027979
|
| 020 |
|
|
|a 1594600589
|
| 035 |
|
|
|a (OCoLC)ocm58423701
|
| 040 |
|
|
|a DLC
|c DLC
|d C#P
|d OCLCQ
|d IXA
|d TXA
|d UtOrBLW
|
| 042 |
|
|
|a pcc
|
| 043 |
|
|
|a f-ke---
|
| 049 |
|
|
|a TXAM
|
| 050 |
0 |
0 |
|a GV1061.23.K4
|b M39 2005
|
| 082 |
0 |
0 |
|a 796.42/096762
|2 22
|
| 100 |
1 |
|
|a Mayes, Randall E.
|q (Randall Elam)
|
| 245 |
1 |
4 |
|a The Cybernetics of Kenyan Running :
|b hurry, hurry has no blessing /
|c Randall E. Mayes.
|
| 264 |
|
1 |
|a Durham, N.C. :
|b Carolina Academic Press,
|c [2005]
|
| 264 |
|
4 |
|c ©2005
|
| 300 |
|
|
|a xviii, 248 pages :
|b illustrations ;
|c 23 cm.
|
| 336 |
|
|
|a text
|b txt
|2 rdacontent
|
| 337 |
|
|
|a unmediated
|b n
|2 rdamedia
|
| 338 |
|
|
|a volume
|b nc
|2 rdacarrier
|
| 504 |
|
|
|a Includes bibliographical references (pages 243-246) and index.
|
| 650 |
|
0 |
|a Runners (Sports)
|z Kenya.
|
| 650 |
|
0 |
|a Running
|x Social aspects
|z Kenya.
|
| 650 |
|
0 |
|a National characteristics, Kenyan.
|
| 856 |
4 |
1 |
|3 Table of contents
|u http://www.loc.gov/catdir/toc/ecip054/2004027979.html
|t 0
|
| 948 |
|
|
|a cataloged
|b h
|c 2005/7/22
|d c
|e rhankins
|f 3:00:04 pm
|
| 994 |
|
|
|a C0
|b TXA
|
| 999 |
|
|
|a MARS
|
| 999 |
f |
f |
|s fc457fba-96ea-3743-ac6e-a91abfdf3568
|i a70e78b3-30ef-30df-928f-094b96f8db39
|t 0
|
| 952 |
f |
f |
|p noncirc
|a Texas A&M University
|b College Station
|c Cushing Memorial Library & Archives
|d Cushing: Area Studies/Africana (Does not check out)
|t 0
|e GV1061.23.K4 M39 2005
|h Library of Congress classification
|i unmediated -- volume
|
| 998 |
f |
f |
|a GV1061.23.K4 M39 2005
|t 0
|l Cushing: Area Studies/Africana (Does not check out)
|